Metodický postup nácviku akrobatického cvičebného tvaru v akrobatickom rokenrole
Gespeichert in:
| 1. Verfasser: | |
|---|---|
| Format: | Buchkapitel |
| Sprache: | Slowakisch |
| Schlagworte: | |
| Tags: |
Keine Tags, Fügen Sie das erste Tag hinzu!
|
MARC
| LEADER | 00000naa$a2200000$$$4500 | ||
|---|---|---|---|
| 001 | 0306613 | ||
| 005 | 20251028111438.0 | ||
| 041 | 0 | |a slo | |
| 044 | |a SK | ||
| 245 | 1 | 0 | |a Metodický postup nácviku akrobatického cvičebného tvaru v akrobatickom rokenrole |c Katarína Péliová |
| 500 | |a Abstrakt | ||
| 610 | 2 | 0 | |a šport |
| 610 | 2 | 0 | |a metódy |
| 610 | 2 | 0 | |a analýzy |
| 100 | 1 | |a Péliová, Katarína, 1991- | |